000
00267nam a22001217a 4500
008
170418b xxu||||| |||| 00| 0 eng d
041
_a
eng
080
_a
579
100
_a
11
101
_a
SHM
245
_a
BACTERIOLOGY ILLUSTRATED
_c
GILLIES.R.R
942
_2
udc
_c
BK
999
_c
10960
_d
10960